| Tag |
First Indicator |
Second Indicator |
Subfields |
| LEADER |
00000cam a2200000 a 4500 |
| 001 |
in00001363421 |
| 005 |
20151006072931.0 |
| 007 |
hd afu---baca |
| 008 |
850402s1841 xx a 000 0 eng d |
| 035 |
|
|
|a (OCoLC)11878060
|
| 035 |
|
|
|9 AHH6435AM
|
| 040 |
|
|
|a IBS
|c IBS
|d POF
|d UtOrBLW
|
| 049 |
|
|
|a TXAI
|
| 090 |
|
|
|a PS586
|b .A450 pt. 2, no. 23
|
| 099 |
|
|
|a film
|a B
|a 3870
|a Segment II, no. 23)
|
| 100 |
1 |
|
|a Adams, John Quincy,
|d 1767-1848.
|
| 245 |
1 |
4 |
|a The wants of man :
|b a poem /
|c by John Quincy Adams.
|
| 264 |
|
1 |
|a Lowell :
|b [Amos Upton],
|c 1841.
|
| 300 |
|
|
|a 15 pages ;
|c 11 cm.
|
| 336 |
|
|
|a text
|b txt
|2 rdacontent
|
| 337 |
|
|
|a microform
|b h
|2 rdamedia
|
| 338 |
|
|
|a microfilm reel
|b hd
|2 rdacarrier
|
| 510 |
3 |
|
|a NUC pre-1956
|
| 533 |
|
|
|a Microfilm.
|b New Haven, Conn. :
|c Research Publications,
|d 1975.
|e 1 microfilm reel ; 35 mm.
|f (American Poetry, 1609-1900 ; Segment II, no. 23)
|
| 539 |
|
|
|a s
|b 1975
|d ctu
|e n
|
| 500 |
|
|
|a Microform.
|
| 999 |
|
|
|a MARS
|
| 999 |
f |
f |
|s 962ba3f7-0927-35a2-8a45-d895c3918b7b
|i 8629d2cc-c443-3955-b4d8-82cdc1e62ced
|t 0
|
| 952 |
f |
f |
|p default
|a Texas A&M University
|b College Station
|c Sterling C. Evans Library
|d Evans: Microforms (3rd floor)
|t 0
|e film B 3870 Segment II, no. 23
|h Other scheme
|i microform -- microfilm reel
|
| 998 |
f |
f |
|a film B 3870 Segment II, no. 23
|t 0
|l Evans: Microforms (3rd floor)
|